Directory of important world honey sources

Spremljeno u:
Bibliografski detalji
Glavni autor: Crane, Eva
Format: Knjiga
Jezik:Undetermined
Izdano: London International bee research association 1984
Teme:
Oznake: Dodaj oznaku
Bez oznaka, Budi prvi tko označuje ovaj zapis!
Thư viện lưu trữ: Trung tâm Học liệu Trường Đại học Cần Thơ
LEADER 00545nam a2200193Ia 4500
001 CTU_125752
008 210402s9999 xx 000 0 und d
082 |a 581.13 
082 |b C891 
100 |a Crane, Eva 
245 0 |a Directory of important world honey sources 
245 0 |c Eva Crane, Penelope Walker, Rosemary Day 
260 |a London 
260 |b International bee research association 
260 |c 1984 
650 |a Plants 
650 |x Nutrition 
904 |i Hiếu 
980 |a Trung tâm Học liệu Trường Đại học Cần Thơ